Leader xxxxxxxxxx
001 __ PCLIS00056452
005 __ 20230430195239.0
010 0_ |a978-957-33-3988-5|b平裝|dNT$299
100 __ |a20230426d2023 m y0chiy09 e
101 1_ |achi|ceng
102 __ |atw
105 __ |ay z 000yy
200 1_ |a穿條紋衣的男孩|e|f約翰.波恩(John Boyne)著|g趙丕慧譯
205 __ |a二版
210 __ |a臺北市|c皇冠文化|d2023[民112]
215 0_ |a239面|c|d21公分
225 2_ |aChoice|v361
225 2_ |a皇冠叢書|v第5077種
300 __ |a
410 _0 |12001 |aChoice|v361
410 _0 |12001 |a皇冠叢書|v第5077種
454 _1 |12001 |aThe boy in the striped pajamas
681 __ |a873.859|b864
700 _1 |a波恩|b|c(Boyne, John)|4著
702 _1 |a趙|b丕慧|4譯
770 _1 |aBoyne, John
801 _0 |atw|b內湖高中|c20230426|gCCR
|